000 01689nam0a2200325 4500
001 RU\NLR\bibl\1414249
005 20260405185437.0
021 _aRU
_b2009-54296
_93349
035 _a(NLR Aleph) 001406221
090 _a1253674
_c1253674
100 _a20090918d2008 |||y0rusy50 ca
101 0 _arus
102 _aRU
105 _aa |||||||||
200 1 _aФинансовый менеджмент
_eучебно-методическое пособие
_fТугушева Венера Рифатьевна, Юняева Римма Равиловна, Королев Константин Юрьевич
_gПенз. гос. пед. ун-т им. В.Г. Белинского
210 _aПенза
_cРедакционно-издательский отдел ПГПУ
_d2008
215 _a112 с.
_cил.
_d21
300 _aВ вып. дан. 1-й и 2-й авт.: Тугушева В.Р., к.т.н., доц., Юняева Р.Р., к.э.н., доц.
320 _aБиблиогр.: с. 109-111 (38 назв.)
606 1 _aМенеджмент финансовый
_jУчебные издания для высших учебных заведений
_92070634
_3RU\NLR\auth\661245361
686 _aУ26(2)-21я73
700 1 _aТугушева
_bВ. Р.
_gВенера Рифатьевна
_4070
701 1 _4070
_8rus
_7ca
_aЮняева
_bР. Р.
_gРимма Равиловна
_3RU\NLR\auth\7781785
_964713
701 1 _4070
_8rus
_7ca
_aКоролев
_bК. Ю.
_cэкономист
_gКонстантин Юрьевич
_3RU\NLR\auth\7780752
_963680
801 0 _aRU
_bNLR
_c20090918
_gRCR
801 1 _aRU
_bNLR
_c20090918
942 _cBOOK
980 _aNB
980 _aNBR